[Event "Beersheba-St Petersburg"]
[Site "Beersheba"]
[Date "1998.03.06"]
[Round "4"]
[White "Mikhalevski, Victor"]
[Black "Sakaev, Konstantin"]
[Result "0-1"]
[WhiteElo "2545"]
[BlackElo "2620"]
[Annotator "Mikhalevski,V"]
[PlyCount "72"]
[EventDate "1998.03.03"]
[EventType "schev"]
[EventRounds "12"]
[EventCountry "ISR"]
[SourceTitle "CBM 064"]
[Source "ChessBase"]
[SourceDate "1998.06.02"]
[SourceVersion "1"]
[SourceVersionDate "1998.06.02"]
[SourceQuality "1"]
[WhiteTeam "Beer Sheva"]
[BlackTeam "St Petersburg"]
[WhiteTeamCountry "ISR"]
[BlackTeamCountry "RUS"]

1. d4 Nf6 2. c4 e6 3. g3 c5 4. d5 exd5 5. cxd5 d6 6. Bg2 g6 7. Nc3 Bg7 8. Nf3
O-O 9. O-O Na6 10. Nd2 Nc7 11. Nc4 Nfe8 12. Bf4 f5 (12... b5 13. Na5 b4 14. Ne4
Ba6 (14... Bxb2 15. Nc6 Qd7 16. Rb1 Bg7 17. Nxc5 dxc5 18. d6 Ne6 19. Ne7+ Kh8
20. Bc6 Qd8 21. Bxa8 Nxf4 22. gxf4 Bh3 23. Bg2 Bxg2 24. Kxg2 Nxd6 25. Nc6 Qf6
26. e3 Qe6 27. Nxa7 Nf5 28. Qa4 Ra8 29. Rbd1 Nh4+ 30. Kg3 Nf5+ 31. Kg2 h5 32.
h3 Kh7 33. Rd7 c4 34. Qc6 Nxe3+ 35. fxe3 Rxa7 36. Qxe6 Rxa2+ 37. Kf3 fxe6 38.
Rb7 b3 39. Rd1 b2 40. Rdd7 Kh8 41. Rd8+ Kh7 42. Rdd7 Kh8 43. Rd8+ {1/2-1/2
Alburt,L-Gurevich,D/New York op 1986}) 15. Nc6 Qd7 16. Qd2 Bb5 17. a4 bxa3 18.
Rxa3 Bc4 19. Nc3 a6 20. Na4 Nb5 21. Re3 Qb7 22. b3 Na3 23. Qa2 {1-0 Kinsman,
A-Schulte,O/Lloyds Bank op 1985}) 13. Qd2 $5 $146 (13. a4 {is another
possibility,but a move in the game looks more logical.} g5 (13... b6 14. Rc1
Ba6 15. b3 b5 16. axb5 Nxb5 17. Nxb5 Bxb5 18. e4 fxe4 19. Bxe4 a5 20. Re1 a4
21. bxa4 Rxa4 22. Bd3 Bd4 23. Re2 Ng7 24. Be3 Bxc4 25. Bxc4 Bxe3 26. Rxe3 Qf6
27. Re2 Ra3 28. Bd3 Nh5 29. Rb1 Qg5 30. Rd2 Nf6 31. f4 Qxd5 32. Bxg6 Qe6 33.
Re2 Re3 34. Bd3 Re8 35. Rd2 d5 36. Bf1 c4 37. Rc1 Qb6 38. Kh1 Ne4 39. Ra2 c3
40. Qxd5+ Kh8 41. Ra8 Rxa8 42. Qxa8+ Kg7 43. Ra1 Nf6 44. Ra7+ Kg6 45. Ra6 Qb3
46. Qc6 Qf7 47. Qc5 {1-0 Kaidanov,G-Shabalov,A/USA-ch 1996}) 14. Bd2 b6 15. Rc1
(15. Qc1 h6 16. e4 Ba6 17. b3 f4 18. gxf4 gxf4 19. f3 Qh4 20. Ra2 Bxc4 21. bxc4
Be5 22. Ne2 Ng7 23. Qe1 Qh5 24. Nc1 Rf6 25. Nd3 Kh7 26. a5 Rg8 27. Nxe5 dxe5
28. axb6 axb6 29. Bc3 Nge8 30. Qa1 Rg5 31. Ra7 Rfg6 32. Rf2 Rg7 33. Qf1 Qh4 34.
Kh1 Nd6 35. Rc2 b5 36. Be1 Qh5 37. Ba5 Nxc4 38. Rxc7 Ne3 39. Rxg7+ Rxg7 {
Cosma,I-Suba,M/ROM-chT 1992/0-1 (62)}) 15... h6 16. e4 Ba6 17. b3 Bxc4 18. bxc4
f4 19. f3 Be5 20. Ne2 Ng7 21. Bh3 Rf6 22. Kh1 Nh5 23. Bg4 Qe8 24. Qe1 Qf7 25.
Bxh5 Qxh5 26. gxf4 gxf4 27. Qf2 Kh7 28. Rg1 Raf8 29. Rg4 Qh3 30. Rcg1 Ne8 31.
Bc3 R8f7 32. Bd2 Rf8 33. a5 R8f7 34. Rb1 Ng7 35. Ng1 Qh5 36. axb6 axb6 37. Rxb6
Ra7 {Cosma,I-Ionescu,C/ROM-chT 1992/0-1 (65)}) 13... b5 14. Na5 b4 15. Na4 Nb5
16. Nc6 Qd7 17. Rac1 $1 Nf6 18. Rxc5 $5 (18. Qd3 $1 Qb7 $8 (18... Ba6 $6 19.
Rxc5 $1 Nc7 $1 (19... dxc5 $2 20. Nxc5 $18) 20. Qd2 dxc5 (20... Rae8 21. Ra5
Rxe2 22. Qxb4) 21. Nxc5 Qf7 (21... Qe8 22. Bxc7 Qxe2 23. Qxb4 $16) 22. Bxc7 (
22. d6 $5) 22... Qxc7 (22... Bxe2 23. Qxe2 Qxc7 24. Ne6 Rae8 25. Qc4 $18) (
22... Bb5 23. d6 $16) 23. Nxa6 $16) 19. a3 $5 {Probably the best.} (19. Nxc5 $6
dxc5 20. Rxc5 (20. d6 Ne4 $1 21. Na5 Qa6 22. Qd5+ Kh8 23. Qxa8 Nd4 $1) 20... a6
21. d6 Ne4 (21... Kh8 22. Ne7 Ne4 23. Rc4) 22. Ne7+ Kh8 23. Rc4 (23. Re5 $2
Nbxd6) 23... Be6 24. Rxe4 fxe4 25. Bxe4 Qd7 26. Bxg6 Rxf4 $1) (19. Rxc5 dxc5
20. Nxc5 Qb6 21. Na4 Qa6 22. Nc5 Qb6 $11 (22... Qxa2 $6 23. Qxb5 Qxb2 24. d6
$14)) 19... bxa3 (19... a5 20. Nxc5 dxc5 21. Rxc5 Na7 22. Ne7+ Kh8 (22... Qxe7
23. d6 $16) 23. d6 Ne4 (23... Qb6 24. Bxa8 Ba6 (24... Qxc5 25. Be3 $16) 25. Qe3
Rxa8 (25... Ng4 26. Nd5 $18) 26. Rfc1 $16) 24. Rc7 Qa6 (24... Qb6 25. Be3 Ba6
$140 26. Bxb6 Bxd3 27. exd3) (24... Qb5 25. Bh6 $3 Bd7 (25... Rf7 26. Bxg7+
Rxg7 27. Rxa7 $1 Qxd3 28. Rxa8 $1 $18) 26. Qxb5 Bxb5 27. Nxg6+ hxg6 28. Bxg7+
Kg8 29. Bxf8 Kxf8 30. axb4 $18) 25. Bh6 $3 Bxh6 26. Qd4+ Nf6 27. Qh4 $1 Nh5 28.
Bxa8 Nb5 29. Rxc8 Rxc8 30. Nxc8 Qxc8 31. Rd1 $16) 20. bxa3 Qa6 (20... Nh5 21.
Nxc5 $5 dxc5 22. d6 Nxf4 23. gxf4 Qa6 (23... Qb6 24. Ne7+ Kh8 25. Bxa8 Ba6 26.
Nxg6+ (26. Bd5 $5 Qxd6 $8 27. Bc4 Qxe7 28. Bxb5 Rd8 29. Qc4 Bb7 30. Qxc5 Qe4
31. Bc6 $16) 26... hxg6 27. Qh3+ Kg8 28. Bd5+ Rf7 29. d7 $5 {/\Qe3}) 24. Rxc5
$1 (24. Ne7+ Kh8 25. Bxa8 Nd4 26. Rfe1 (26. Kh1 Nxe2 (26... Qxd6 27. Nxc8 Rxc8
28. Bg2 $18) 27. Nxg6+ $1 hxg6 28. Qh3+ Kg8 29. Bd5+ Rf7 30. Qb3 Bb7 (30... c4
$5) 31. d7 Bxd5+ 32. Qxd5 Bf6 33. d8=Q+ Bxd8 34. Qxd8+ Kg7) 26... Qxd6 27. Nxc8
Rxc8 28. Bg2 Qxf4 29. e3 (29. Qa6 $5) 29... Nf3+ 30. Bxf3 Qxf3 31. Rxc5 Qg4+
32. Kf1 Qh3+ 33. Ke2 Qh5+ 34. Kd2 Rf8 $14) 24... Nxd6 (24... Nd4 25. Nxd4 Qxd3
26. exd3 Bxd4 27. Rc4) 25. Qxd6 Kh8 26. Rb1 $1 $18 Bb7 $140 $2 27. Ra5) 21.
Nxc5 dxc5 22. Rxc5 Nxa3 (22... g5 23. Bxg5 Nd6 (23... Nxa3 24. Ra5 $1 Qxd3 25.
exd3 Nc2 26. Rc1 $18) 24. Ne7+ Kh8 25. Rxc8 Qxd3 26. Rxf8+ $18) 23. Ne7+ Kh8 (
23... Kf7 24. Nxc8 Qxd3 25. Nd6+ $18) 24. Rxc8 Qxd3 25. Rxf8+ Bxf8 26. exd3
Bxe7 $140 27. d6 Re8 28. dxe7 Rxe7 $2 29. Bd6) (18. Nxc5 dxc5 19. Rxc5 Nd6 20.
Qxb4 $44) 18... dxc5 19. Nxc5 Qe8 20. Qxb4 (20. d6 $5 Ne4 21. Qd5+ Kh8 22. d7
Bxd7 23. Nxd7 Nd4 $1 24. Nxf8 $142 (24. Nxd4 Rd8 25. Ne6 Rxd7 26. Qb3 Nd2 $1 (
26... Rff7 $6 27. Nxg7 Rxg7 28. Qxb4 $14) 27. Bxd2 (27. Nxg7 Kxg7 28. Bxd2 Rxd2
29. Qxb4 $44) 27... Rxd2 28. Nxf8 Qxf8 $11) 24... Nxe2+ (24... Qxc6 25. Qxc6
Nxc6 26. Ne6 Bxb2 27. Bxe4 fxe4 28. Rd1 $14) 25. Kh1 Nxf4 26. gxf4 Qxf8 27. Ne5
$5 $14 (27. Bxe4 $5 fxe4 28. Ne5) 27... Rb8 $140 28. Bxe4 fxe4 29. f5 $1 $40)
20... a6 (20... g5 $5) 21. d6 Ne4 22. Nxe4 fxe4 23. Bxe4 (23. Ne7+ Kh8 24. Qxe4
Ra7 $13) (23. a4 $5 Qxc6 (23... Na7 24. Ne7+ Kh8 25. Qxe4 Rb8 (25... Bd7 26.
Be5 $1 Qf7 27. Qd4 $1 Bxe5 28. Qxe5+ Qg7 29. Qe3 $1 $16 (29. Qxg7+ Kxg7 30.
Bxa8 Rxa8 31. Rc1 Bxa4 $13)) 26. Be5 $1 {[%csl Ra7]} Qf7 (26... Rf7 27. Nxg6+
$1) (26... Rg8 27. Qd4 $1 Bxe5 (27... Qd7 28. Nxg6+ hxg6 29. Qh4#) 28. Qxe5+
Rg7 29. Qd4 $1 (29. Nxg6+ Qxg6 30. d7 Bxd7 31. Qxb8+ Be8 32. Rc1 $18) 29... Qd7
30. Rc1 $18) 27. Bxg7+ Qxg7 28. Qe3) (23... Rxf4 24. gxf4 Qxc6 25. Bxe4 Qxd6
26. Qxd6 Nxd6 27. Bxa8 Bxb2 $14) 24. Bxe4 Qe8 25. Bxa8 Nd4 $1 (25... Bh3 $2 26.
Bd5+) 26. e3 Ne2+ 27. Kh1 Nxf4 28. exf4 $14 {/\Re1}) 23... Kh8 24. Ne7 Bd7 25.
Be3 $4 $138 {[%csl Rd6][%cal Ge4g6,Rb4h4] /\B:g6} (25. Rd1 $1 {[%csl Rb5,Gd4]}
Rb8 (25... Rd8 $2 26. Bxg6 hxg6 (26... a5 27. Qe4) 27. Bg5 $18) 26. Qc5 {
[%csl Rb5]} Rxf4 $140 27. gxf4 Bxb2 28. a4 $16) (25. Bxa8 $5 Qxa8 26. Rd1 $13)
25... a5 $1 26. Qd2 (26. Qc5 $142 Ra6 27. Rd1 Rf6 28. Bf4 Nxd6 $1 (28... Rxf4
29. gxf4 Nxd6 30. Bd3 Nb7 31. Qc7 Rd6 32. Qxb7 Qxe7 33. Qa8+ $15) 29. Bxd6
Rfxd6 30. Rxd6 Qxe7 31. Rd5 Qxc5 32. Rxc5 Bxb2 $17) 26... Ra6 27. Bc5 Rf6 28.
Bxg6 $2 (28. Bb7 $1 {[]} Raxd6 29. Nd5 Qb8 (29... Rfe6 $5 30. Bxd6 Rxe2 31. Qf4
Bh3 32. Qh4 $1 {/\Nf6} Rxf2 $1 33. Kxf2 (33. Qxh3 $5 Rxf1+ 34. Qxf1 Nxd6 35.
Qa6 $1 $11) 33... Bd4+ 34. Qxd4+ (34. Kf3 Bg2+ $1 35. Kxg2 Qe2+ 36. Kh3 Qxf1+
37. Kg4 Qf5#) 34... Nxd4 35. Re1 $44) 30. Bxd6 Rxd6 31. Qxa5 $44) 28... hxg6 (
28... Rxg6 $142 29. Nxg6+ Qxg6 $19) 29. Qg5 Rf5 $8 30. Nxf5 (30. Nxg6+ Kh7 $19
(30... Kg8 $4 31. Ne7+ $18)) 30... Bxf5 31. Qe7 (31. Qh4+ $142 Kg8 32. Qc4+ Be6
33. Qd3) 31... Nxd6 $1 (31... Qxe7 $6 32. dxe7 $132 Re6 33. Rd1 Kh7 34. Rd8 Nc7
35. Bd6) 32. Bxd6 Qxe7 33. Bxe7 Re6 34. Bd8 Rxe2 35. Bxa5 Rxb2 $19 36. Rc1 Bh3
$138 {White lost on time.Very disappointing game!} 0-1

[Event "Lost Boys op"]
[Site "Antwerp"]
[Date "1999.08.07"]
[Round "8"]
[White "Mikhalevski, Victor"]
[Black "Blees, Albert"]
[Result "1-0"]
[WhiteElo "2516"]
[BlackElo "2410"]
[Annotator "Mikhalevski,V"]
[PlyCount "103"]
[EventDate "1999.07.30"]
[EventType "swiss"]
[EventRounds "9"]
[EventCountry "BEL"]
[SourceTitle "EXT 2000"]
[Source "ChessBase"]
[SourceDate "1999.11.16"]
[SourceVersion "1"]
[SourceVersionDate "1999.11.16"]
[SourceQuality "1"]

1. d4 e6 2. c4 c5 3. d5 exd5 4. cxd5 d6 5. Nc3 g6 6. Nf3 Bg7 7. g3 Nf6 8. Bg2
O-O 9. O-O Na6 10. Nd2 Nc7 11. Nc4 Nfe8 12. Bf4 $1 {I think it's stronger than
more usual 12.a4.} (12. a4) 12... g5 $146 {A new move.In the previous games
black used to play 12...b5 or 12...f5} (12... f5 13. Qd2 (13. a4 g5 (13... b6
14. Rc1 Ba6 15. b3 b5 16. axb5 Nxb5 17. Nxb5 Bxb5 18. e4 fxe4 19. Bxe4 a5 20.
Re1 a4 21. bxa4 Rxa4 22. Bd3 Bd4 23. Re2 Ng7 24. Be3 Bxc4 25. Bxc4 Bxe3 26.
Rxe3 Qf6 27. Re2 Ra3 28. Bd3 $13 {Kaidanov,G-Shabalov,A/Parsippany 1996/CBM 55/
1-0 (47)}) 14. Bd2 b6 15. Qc1 (15. Rc1 h6 16. e4 Ba6 17. b3 Bxc4 18. bxc4 f4
19. f3 Be5 20. Ne2 Ng7 21. Bh3 Rf6 22. Kh1 Nh5 23. Bg4 Qe8 24. Qe1 Qf7 25. Bxh5
Qxh5 26. gxf4 gxf4 27. Qf2 Kh7 28. Rg1 Raf8 29. Rg4 Qh3 30. Rcg1 $14 {0-1
Cosma,I-Ionescu,C/ROM-chT 1992/EXT 97 (65)}) 15... h6 16. e4 Ba6 17. b3 f4 18.
gxf4 gxf4 19. f3 Qh4 20. Ra2 Bxc4 21. bxc4 Be5 22. Ne2 Ng7 23. Qe1 Qh5 24. Nc1
Rf6 25. Nd3 Kh7 26. a5 Rg8 27. Nxe5 $13 {Cosma,I-Suba,M/ROM-chT 1992/EXT 97/
0-1 (62)}) 13... b5 14. Na5 b4 15. Na4 Nb5 16. Nc6 Qd7 17. Rac1 Nf6 18. Rxc5 {
0-1 Mikhalevski,V-Sakaev,K/Beersheva 1998/CBM 64/[Mikhalevski,V] (36)} (18. Qd3
$142 $1)) (12... b5 13. Na5 b4 14. Ne4 Bxb2 (14... Ba6 15. Nc6 Qd7 16. Qd2 Bb5
17. a4 bxa3 18. Rxa3 Bc4 19. Nc3 a6 20. Na4 Nb5 21. Re3 Qb7 22. b3 Na3 23. Qa2
{1-0 Kinsman,A-Schulte,O/London 1985/MCL (23)}) (14... Nb5 15. Nc6 Qd7 16. a3
$1 {Mikhalevski-Solozhenkin,EUCup final Beograd 1999 CBM69[Mikhalevski]}) 15.
Nc6 Qd7 16. Rb1 Bg7 17. Nxc5 dxc5 18. d6 Ne6 19. Ne7+ Kh8 20. Bc6 Qd8 21. Bxa8
Nxf4 22. gxf4 Bh3 23. Bg2 Bxg2 24. Kxg2 Nxd6 25. Nc6 Qf6 26. e3 Qe6 27. Nxa7
$13 {Alburt,L-Gurevich,D/New York 1986/EXT 97/1/2-1/2 (43)}) 13. Be3 ({
Proposed by Blees} 13. Bd2 $5 {seems to be even stronger} f5 14. f4 (14. Qc1 $5
) 14... g4 15. e4) 13... f5 14. Qd2 h6 15. f4 {[%csl Rc8][%mdl 32] Limiting
mobility of king side pawns and preparing advance e2-e4.} ({In case of} 15. a4
{Black has time for} Nf6 {[%cal Gf6g4] /\Ng4}) 15... b5 ({It was better to play
} 15... g4 $142 {first and only after} 16. Bf2 (16. a4 b6 {/\Ba6;><e4}) 16...
b5 17. Na5 b4 {[%csl Re4][%cal Ge8f6]}) 16. Na5 g4 $6 {[%mdl 16384]} ({Now} 
16... b4 $5 {was necessary as it will not be allowed anymore.} 17. Na4 g4 18.
Nc6 (18. a3 {leads to interesting complications:} bxa3 19. Rxa3 (19. Nc6 axb2
$1) 19... Nb5 20. Nc6 Qf6 (20... Nxa3 21. Nxd8 Nc4 22. Qd3 Nxe3 $44) 21. Rb3 (
21. Raa1 $13) 21... Nec7 22. Nc3 Ba6 23. Ra1 Rfe8 (23... Nxc3 $142 $1 24. bxc3
Rfe8) 24. Rxa6 Nxc3 25. Ra5 Ne4 26. Bxe4 Rxe4 27. Rb7 Ne8 28. Rbxa7 Rxa7 29.
Rxa7 $16 Qxb2 $140 30. Ne7+) 18... Qf6 19. Rac1 $13 (19. Nxc5 dxc5 (19... Qxb2
20. Ne6 $1 Qxd2 21. Bxd2 Bxa1 22. Nxf8 (22. Rxa1 $5 $44) 22... Bc3 23. Bxc3
bxc3 24. Ne6) 20. Bxc5 Nd6 21. Bd4 Qf7 22. Bxg7 Qxg7 23. Qxb4 $13)) 17. Nc6 Qd7
18. a3 $1 {[%mdl 32] First of all prophilaxis.White prevents b5-b4 and
prepares e2-e4.} Bb7 $5 ({In case of} 18... a5 $5 {White shouldn't worry about
b4 as it will be met by Na4/\Nb6} 19. Bf2 (19. b4 Bxc3 $1 20. Qxc3 Nf6 21. Qd2
cxb4 22. axb4 a4 $13 {[%csl Re4]}) 19... Nf6 20. b4 $5 {Now it's stronger than
on the previous move.} axb4 21. axb4 Rxa1 22. Rxa1 Ne4 23. Bxe4 fxe4 24. Ra7 $1
{[%cal Gc3b5,Gb4c5,Ra7d7] and tactics} Bxc3 25. Qxc3 Nxd5 {is met by} 26. Rxd7
Nxc3 27. Ne7+ {and there is no good retreat.For example} Kh8 28. Rc7 $1 {
[%csl Rf8,Rh8][%cal Re7c8,Re7g6]} (28. Ng6+ Kg8 29. Nxf8 $2 (29. Ne7+ $142 Kh8
30. Rc7 {-28.Rc7}) 29... Bxd7 30. Nxd7 cxb4) 28... Bf5 $8 29. bxc5 $16 {
[%csl Rc3,Rf8,Rh8][%cal Rf2d4] ><c3,h8;/^a1-h8}) 19. b4 $6 {Played carelessly.}
({First} 19. Na5 $1 Bc8 {and then} 20. b4 {is much stronger.}) 19... Nf6 $6 {
Black doesn't use his chance.} (19... Bxc3 $1 {allowed to equalize.} 20. Qxc3
Nf6 {[%csl Rc6,Rd5]} 21. Qd3 Ncxd5 (21... Kh7) 22. Bxd5+ Nxd5 23. Qxd5+ Rf7 {
[%csl Rc6][%cal Gb7d5]} 24. bxc5 Bxc6 25. Qxd6 Re8 $1 26. Bf2 $11) 20. Na5 $1 (
{Worse is an attempt to win a pawn by means of} 20. bxc5 dxc5 21. Ne7+ (21.
Bxc5 $6 Bxc6 22. Bxf8 Rxf8) (21. Ne5 Qd6) (21. Rad1 $5) 21... Kh7 (21... Qxe7
22. d6) 22. Bxc5 {as it can be met with} Na6 {and White must sacrifice a piece
with unclear consequences.} 23. Nxf5 $1 Nxc5 24. Nxg7 Kxg7 25. Rab1 $1 $44 {
[%cal Ge2e4] /\e4}) 20... Na6 21. Rab1 $1 {[%csl Rb5][%cal Gb4c5]} (21. bxc5 $5
{was also interesting} Nxc5 22. Bxc5 dxc5 23. Nxb7 Qxb7 24. d6 {[%cal Rg2a8]}
Ne4 25. Nxe4 fxe4 26. Rad1 $14 {[%csl Rc5,Gd6,Re4,Rg8][%cal Ge2e3,Gd2c2,Gd2d5]
><e4,c5,g8;Pd6}) 21... Rae8 {Blees decides to sacrifice a pawn in order to get
counterplay.} (21... c4 $5) 22. Nxb7 (22. bxc5 Nxc5 23. Bxc5 dxc5 24. Nxb7 Qxb7
{-22.N:b7}) (22. Nxb5 $5 {[%mdl 64] deserved serious attention.} Ba8 (22...
Qxb5 23. bxc5 {[%csl Rb7][%cal Rb1b7]}) (22... cxb4 23. Nxb7 {[%csl Rd6]}) (
22... Rxe3 23. Qxe3 Qxb5 24. Nxb7 Qxb7 25. bxc5 $16) 23. bxc5 (23. Nc3 $5 $16)
23... Nxc5 24. Bxc5 dxc5 25. Nc3 $16) 22... Qxb7 23. bxc5 Nxc5 (23... Qe7 24.
Bf2 Nxc5 25. Bxc5 dxc5 26. Rxb5 $16) {Another inaccuracy.} 24. Rxb5 $6 ({
After simple} 24. Nxb5 $16 {Black has no sufficient compensation for a pawn.})
24... Qa6 {[%csl Ra3,Rb5,Rc3] Now White's rook is hanging and he has to be
very careful.} 25. Bxc5 dxc5 ({Unexpected tactical blow} 25... Ne4 $2 {is
refuted by means of} 26. Bxe4 (26. Nxe4 $5 Qxb5 27. a4 $1 Qa6 (27... Qc4 28.
Rc1) 28. Nxd6 Rxe2 29. Qd1 $16) 26... Bxc3 27. Qxc3 Qxb5 28. Bxd6 Qb6+ {
[%csl Rd6,Rg1]} (28... fxe4 29. Bxf8 $18) 29. Bc5 Rc8 {[%cal Rc8c3]} 30. Bxb6 (
30. Rc1 $5) 30... Rxc3 {[%csl Rb6,Re4]} 31. Ba5 Rxa3 $140 32. Bb4 {[%csl Ra3,
Rf8]}) 26. d6 $5 $138 (26. a4 $2 Nd7 $1 $132) (26. Rxc5 $5 {was simplier,but I
was short of time and decided not to take chances.} Qxa3 (26... Qb6 {[%cal
Rb6g1] is not dangerous:} 27. Na4 Qb3 (27... Qa6 {[%csl Ra4,Re2]} 28. Qd1 $1
Rxe2 $140 29. Rc6 Qb5 30. Nc3 {[%csl Rb5,Re2]}) 28. Ra5 Ne4 29. Bxe4 Rxe4 30.
Nc5 {[%csl Rb3,Re4]} Qb6 {[%cal Gb6g1]} 31. e3 $1 {[%csl Re4]} Rxe3 32. Qxe3
Qxa5 33. d6 $16 {[%csl Gd6]}) 27. Rc6 $16) 26... Qxa3 27. Rb7 Kh8 (27... Rb8 $5
) 28. Kh1 Rd8 (28... Rb8 $5) 29. Rd1 c4 30. Nb5 Qc5 31. Qa5 $1 a6 $6 {with the
idea to push c-pawn is dubious as the pawn can be stoped by white rook.} (31...
Rd7 $1 {was better trying to keep the a-pawn.} 32. Rc7 $1 (32. Qxa7 $2 Qxb5 $1
{[%cal Rd7a7]}) 32... Qe3 33. Rxc4 $1 (33. Qxa7 Qxe2 34. Nc3 Qc2 35. Bc6 (35.
Rxd7 Nxd7 36. Qxd7 Bxc3) 35... Qxc3 (35... Rxc7 36. dxc7 Qxc3 37. Rd8 $1 Qe1+
38. Qg1 Qe6 39. Bb7 $1 $18) 36. Rxd7 Nxd7 37. Qxd7 Qc2 $132) 33... Qxe2 34. Qa4
$14 {[%csl Gd6,Rf5][%cal Gb5d4] /+/- and White is better thanks to the strong
d-pawn.}) 32. Qxa6 c3 (32... Ne4 33. Bxe4 fxe4 34. Qa7 Qxa7 35. Rxa7 $16) 33.
Rc7 {[%csl Rc3]} c2 $6 (33... Qe3 $142) 34. Rf1 $1 {Covering important
f2-square.} (34. Rc1 $5 Qe3 35. R1xc2 Ne4 36. Qa7 Qxa7 37. Rxa7 Nxd6 38. Nxd6
Rxd6 39. Bf1 $16 {><f5}) 34... Qe3 35. Rxc2 Ne4 {[%cal Ge4f2]} 36. Qa7 $1 {
[%csl Rf2] preventing Nf2} Qb3 $2 {Black is trying to play on White's
time-trouble.} (36... Qxa7 $142 37. Nxa7 Nxd6 38. Nc6 Rc8 39. Rd1 $16) 37. Bxe4
fxe4 $6 {[%mdl 16384]} (37... Qxb5 $142 {was necessary and White have to play
precisely to keep his big advantage.} 38. Rc7 Rg8 (38... Qxe2 39. Bg2 $16) 39.
Rb1 Qxe2 40. Bc2 Ra8 (40... Rxd6 41. Rxg7 $1 {[%csl Rd6,Rh8]} Qf3+ (41... Rxg7
42. Rb8+ $1 Kh7 (42... Rg8 43. Qa1+ $1 Kh7 44. Bxf5+) 43. Bxf5+ Rdg6 44. Bxg6+
Kxg6 45. Qb6+ Kh7 46. Qb1+ Rg6 47. Rb7+ Kh8 48. Qa1+ $1 Kg8 49. Qa8+) 42. Kg1
Rxg7 43. Rb8+ Kh7 (43... Rg8 44. Qa1+ Kh7 45. Bxf5+ Rdg6 46. Bxg6+) 44. Bxf5+
Rdg6 45. Bxg6+ Kxg6 46. Qb6+ Kh7 47. Qb1+ Rg6 48. Rb7+ Kh8 49. Qa1+) 41. Qg1
Ra2 42. Qg2 Qxg2+ 43. Kxg2 $16 {[%csl Gd6]}) 38. Nd4 $138 (38. Qc5 $5 {wins
even simplier:} Rc8 39. Qxc8 Rxc8 40. Rxc8+ Kh7 41. d7 Bf6 42. Nc3 $1 $18 {
[%cal Gf1d1]}) 38... Qd5 39. Nc6 $1 (39. e3 $6 Bxd4 40. exd4 Qxd6 $1 (40... e3+
41. Kg1 Qxd6 42. d5 $1 $16) 41. Rc7 Qf6) 39... Rxd6 (39... e3+ $142 40. Kg1
Rxd6 41. Ne7 Qe4 42. Rc7 Rfd8 43. f5 $16) 40. Ne7 $1 Qb3 (40... Qe6 $5 41. f5
e3 $1 42. Rcc1 Qe4+ 43. Kg1 $16) 41. Qc7 $1 {The most direct way to the win.} (
41. Rc7) 41... Rfd8 42. Nf5 {[%csl Rd6,Rg7]} R6d7 43. Qc6 $1 {[%csl Re4] This
is stronger than 43.Qc4 as White shouldn't afraid of 43...Rd1} Qb7 (43... Rd1 {
is not dangerous in view of} 44. Rxd1 Rxd1+ 45. Kg2 Qb1 46. Nxg7 $1 $18 {Blees}
({During the game I was intending to play} 46. Qe8+ $5 Kh7 47. Qxe4 {which is
also sufficient for the win,but 46.N:g7! is much simplier.} Rg1+ 48. Kf2 Rf1+
49. Ke3 Qb3+ 50. Qd3 (50. Kd2 $4 Bc3+ $1 51. Rxc3 Rd1+ 52. Ke3 Qxc3+ 53. Kf2
Qe1+ 54. Ke3 Qg1#) 50... Qe6+ (50... Qb6+ 51. Nd4+ $18) 51. Kd2 $18)) 44. Qxb7
(44. Nxh6 $5 {also wins} Qxc6 45. Rxc6 Rd1 46. Kg2 Rxf1 47. Kxf1 Rd1+ 48. Kf2
$1 Bd4+ 49. e3 Rd2+ 50. Ke1 Bxe3 51. Rc8+ Kh7 52. Nxg4 Rd3 53. Re8 $18) 44...
Rxb7 45. Rc4 $1 {[%csl Re4]} e3 (45... Re8 $2 46. Nd6 {[%csl Rb7,Re8]}) 46. Re4
$1 Rb3 47. Nxe3 $18 {Two extra pawns are more than enough for victory.} h5 48.
Kg2 Rd2 49. Nf5 Bf8 50. Rc1 $1 Rb5 51. Nh4 (51. Nd4 Rb4 52. Rc8 Kg8 53. Rxf8+ (
53. Ne6 Rxe4 54. Rxf8+ Kh7 55. Ng5+ Kg7 56. Nxe4 Rxe2+ 57. Kf1 Rxe4) (53. Ree8
$142 $1 $18) (53. Rd8 $142 $1 $18) 53... Kxf8 54. Ne6+ Ke7 55. Rxb4 Rxe2+)
51... Rbb2 52. Kf2 1-0